000 00418nam a22001697a 4500
005 20160527153154.0
008 160527b xxu||||| |||| 00| 0 eng d
020 _a978-81-245-2482-6
041 _aeng
082 _b5575
100 _aMullan, Jeanning and Danials David
_91405
245 _aEmail Marketing an House a day
260 _bTimas graw
_c2010
300 _a271
650 _aManagement
_9241
942 _cBK
999 _c1991
_d1990